[Event "Garde-ch"]
[Site "Ufa"]
[Date "2015.04.12"]
[Round "6.2"]
[White "Afanasiev, Dmitry"]
[Black "Urmanov, Ilgiz"]
[Result "0-1"]
[WhiteElo "1848"]
[BlackElo "1905"]
[PlyCount "90"]
[EventDate "2015.04.14"]
[EventType "tourn"]
[EventRounds "14"]
[EventCountry "RUS"]
[SourceTitle "EXT 2022"]
[Source "ChessBase"]
[SourceDate "2021.10.06"]
[SourceVersion "1"]
[SourceVersionDate "2021.10.06"]
[SourceQuality "1"]

1. e4 c6 2. d4 d5 3. exd5 cxd5 4. Bd3 Nc6 5. c3 Nf6 6. Bf4 Bg4 7. Qb3 Qc8 8. Nd2 e6 9. Ngf3 Be7 10. 0-0 0-0 11. Rfe1 Qd7 12. Bb5 Bd6 13. Ne5 Bxe5 14. Bxe5 Bf5 15. Bxf6 gxf6 16. Nf1 a6 17. Be2 Rac8 18. Ne3 Bg6 19. h4 h6 20. Qd1 f5 21. Qd2 Qd8 22. g3 Kg7 23. Ng2 Qd6 24. Nf4 Nb8 25. Bf3 Nd7 26. Rac1 b5 27. Bd1 Nf6 28. a4 Ne4 29. Qe2 b4 30. Qe3 bxc3 31. bxc3 Qa3 32. Bh5 Rfe8 33. Bxg6 fxg6 34. c4 Qxe3 35. Rxe3 g5 36. hxg5 hxg5 37. Nh3 Rxc4 38. Rxc4 dxc4 39. f3 Nxg3 40. Nxg5 Kf6 41. f4 Nh5 42. Nh3 Rd8 43. Kf2 Rxd4 44. Kf3 a5 45. Rc3 Ke7 0-1

[Event "Garde-ch"]
[Site "Ufa"]
[Date "2015.04.10"]
[Round "1.4"]
[White "Abzalov, Lev"]
[Black "Afanasiev, Dmitry"]
[Result "1/2-1/2"]
[WhiteElo "1867"]
[BlackElo "1848"]
[PlyCount "25"]
[EventDate "2015.04.14"]
[EventType "tourn"]
[EventRounds "14"]
[EventCountry "RUS"]
[SourceTitle "EXT 2022"]
[Source "ChessBase"]
[SourceDate "2021.10.06"]
[SourceVersion "1"]
[SourceVersionDate "2021.10.06"]
[SourceQuality "1"]

1. d4 Nf6 2. c4 e5 3. dxe5 Ng4 4. Nf3 Bc5 5. e3 Nc6 6. Be2 Ncxe5 7. Nbd2 Nxf2 8. Kxf2 Ng4+ 9. Ke1 Nxe3 10. Qb3 Nxg2+ 11. Kf1 Ne3+ 12. Ke1 Ng2+ 13. Kf1 1/2-1/2

[Event "Samara Polugaevsky Memorial 4th"]
[Site "Samara"]
[Date "2014.07.04"]
[Round "3"]
[White "Baltabaev, Temirlan"]
[Black "Afanasiev, Dmitry"]
[Result "1-0"]
[WhiteElo "2144"]
[BlackElo "1838"]
[PlyCount "49"]
[EventDate "2014.07.02"]
[EventType "swiss"]
[EventRounds "9"]
[EventCountry "RUS"]
[SourceTitle "CBM 161 Extra"]
[Source "ChessBase"]
[SourceDate "2014.08.29"]
[SourceVersion "1"]
[SourceVersionDate "2014.08.29"]
[SourceQuality "1"]

1. d4 Nf6 2. g3 d5 3. Bg2 Bf5 4. c4 e6 5. Nc3 Be7 6. Nf3 c6 7. Nh4 Bg4 8. h3 Bh5 9. g4 Bg6 10. Nxg6 hxg6 11. cxd5 exd5 12. Bf4 Nbd7 13. 0-0 Nf8 14. Qd3 Ne6 15. Be5 Nd7 16. Bh2 Bf6 17. e3 Ng5 18. e4 dxe4 19. Nxe4 Nxe4 20. Qxe4+ Kf8 21. d5 cxd5 22. Qxd5 Nb6 23. Qxb7 Bxb2 24. Bc7 Qc8 25. Rab1 1-0

[Event "Ufa Garde-ch"]
[Site "Ufa"]
[Date "2013.03.26"]
[Round "6"]
[White "Afanasiev, Dmitry"]
[Black "Kudrjushova, Elena"]
[Result "1-0"]
[WhiteElo "2048"]
[BlackElo "1689"]
[PlyCount "75"]
[EventDate "2013.03.21"]
[EventType "tourn"]
[EventRounds "11"]
[EventCountry "RUS"]
[SourceTitle "EXT 2014"]
[Source "ChessBase"]
[SourceDate "2013.11.20"]
[SourceVersion "1"]
[SourceVersionDate "2013.11.20"]
[SourceQuality "1"]

1. e4 e6 2. d4 d5 3. Nc3 Nf6 4. exd5 exd5 5. Bd3 Nc6 6. Nge2 Be7 7. Be3 0-0 8. a3 Ng4 9. Bf4 g5 10. Bd2 f5 11. h3 Nh6 12. h4 Nf7 13. hxg5 Nxg5 14. f3 Ne6 15. Be3 Bh4+ 16. g3 f4 17. Rxh4 fxe3 18. Bxh7+ Kg7 19. Qd3 Rxf3 20. Qg6+ Kf8 21. Qh6+ Ke7 22. Qh5 Qf8 23. Nxd5+ Kd8 24. 0-0-0 Rf5 25. Qxf5 Qxf5 26. Bxf5 Nf8 27. Bxc8 Rxc8 28. Nxe3 Ne7 29. g4 Kd7 30. Rh8 Neg6 31. Rg8 Re8 32. Kd2 Ke6 33. Rf1 Rd8 34. Nf4+ Kf7 35. Nxg6+ Kxg8 36. Rxf8+ Rxf8 37. Nxf8 Kxf8 38. Kd3 1-0

[Event "Anapa op"]
[Site "Anapa"]
[Date "2012.09.04"]
[Round "5"]
[White "Fomichenko, Svetlana"]
[Black "Afanasiev, Dmitry"]
[Result "1/2-1/2"]
[WhiteElo "2236"]
[BlackElo "2048"]
[PlyCount "115"]
[EventDate "2012.08.30"]
[EventType "swiss"]
[EventRounds "9"]
[EventCountry "RUS"]
[SourceTitle "CBM 150 Extra"]
[Source "ChessBase"]
[SourceDate "2012.10.19"]
[SourceVersion "1"]
[SourceVersionDate "2012.10.19"]
[SourceQuality "1"]

1. e4 e6 2. d4 d5 3. Nc3 Bb4 4. e5 Ne7 5. a3 Bxc3+ 6. bxc3 b6 7. Qg4 Ng6 8. h4 h5 9. Qg3 Ba6 10. Ne2 Qd7 11. a4 Bc4 12. Nf4 Nxf4 13. Bxf4 Kf8 14. Bxc4 dxc4 15. 0-0 Nc6 16. Bg5 a5 17. f4 g6 18. Qf3 Re8 19. Rab1 Ne7 20. Bxe7+ Rxe7 21. Rb5 Kg7 22. d5 Rd8 23. Qe2 exd5 24. f5 gxf5 25. Qxh5 Rxe5 26. Rf3 Qd6 27. Rxf5 Rxf5 28. Qxf5 Qg3 29. h5 Re8 30. Rb1 Re2 31. Qxd5 Re5 32. h6+ Kg6 33. Qc6+ Re6 34. Qxc4 Qe3+ 35. Kh1 Qxh6+ 36. Kg1 Qe3+ 37. Kh1 Kg5 38. Qd5+ Kg4 39. Qd4+ Qxd4 40. cxd4 Re2 41. c4 Rc2 42. c5 bxc5 43. dxc5 Rxc5 44. Kh2 Rc4 45. Rb7 f5 46. Ra7 Rc5 47. Ra8 Kf4 48. Kh3 Rc6 49. Kh2 Rc5 50. Kh3 Ke3 51. Kg3 f4+ 52. Kg4 Rc4 53. Rxa5 Kf2 54. Kh3 Rc3+ 55. Kg4 Rc4 56. Kh3 Rc3+ 57. Kg4 Rc4 58. Kh3 1/2-1/2

[Event "Ufa Gumerov Memorial op"]
[Site "Ufa"]
[Date "2012.08.08"]
[Round "8"]
[White "Afanasiev, Dmitry"]
[Black "Ardashirov, Akhtjam"]
[Result "0-1"]
[WhiteElo "1699"]
[BlackElo "1994"]
[PlyCount "52"]
[EventDate "2012.08.01"]
[EventType "swiss"]
[EventRounds "9"]
[EventCountry "RUS"]
[SourceTitle "EXT 2013"]
[Source "ChessBase"]
[SourceDate "2012.11.22"]
[SourceVersion "1"]
[SourceVersionDate "2012.11.22"]
[SourceQuality "1"]

1. e4 g6 2. d4 Nf6 3. Nc3 d6 4. Be3 Bg7 5. Qd2 c6 6. f3 b5 7. h4 h5 8. Nh3 Bxh3 9. Rxh3 Nbd7 10. 0-0-0 Qa5 11. a3 Rb8 12. Kb1 0-0 13. Na2 Qc7 14. Bh6 a5 15. Bxg7 Kxg7 16. c3 c5 17. Bd3 b4 18. cxb4 axb4 19. axb4 cxb4 20. Nxb4 Ra8 21. Qc3 Qa7 22. Nc6 Qa2+ 23. Kc1 Rfc8 24. d5 Ne5 25. Kd2 Rab8 26. Nb4 Rxc3 0-1

[Event "Privolzhskogo FO-ch"]
[Site "Kazan"]
[Date "2012.03.06"]
[Round "9"]
[White "Iliushkin, Evgeny"]
[Black "Afanasiev, Dmitry"]
[Result "1-0"]
[WhiteElo "2250"]
[BlackElo "2057"]
[PlyCount "45"]
[EventDate "2012.02.26"]
[EventType "swiss"]
[EventRounds "9"]
[EventCountry "RUS"]
[SourceTitle "CBM 147 Extra"]
[Source "ChessBase"]
[SourceDate "2012.04.24"]
[SourceVersion "1"]
[SourceVersionDate "2012.04.24"]
[SourceQuality "1"]

1. c4 e5 2. Nc3 Nf6 3. e3 d6 4. Nf3 g6 5. d4 Nbd7 6. b3 Bg7 7. dxe5 Ng4 8. Bb2 Ndxe5 9. Be2 0-0 10. 0-0 a5 11. Qd2 Nxf3+ 12. Bxf3 Ne5 13. Be2 Qh4 14. Nd5 c6 15. Nb6 Ra6 16. Nxc8 Rxc8 17. f4 Ng4 18. Bxg4 Qxg4 19. Bxg7 Kxg7 20. Qxd6 Raa8 21. h3 Qe2 22. Rfe1 Qc2 23. Qd4+ 1-0

[Event "Privolzhskogo FO-ch"]
[Site "Kazan"]
[Date "2012.03.04"]
[Round "7"]
[White "Sadykov, Ramil"]
[Black "Afanasiev, Dmitry"]
[Result "0-1"]
[WhiteElo "2214"]
[BlackElo "2057"]
[PlyCount "66"]
[EventDate "2012.02.26"]
[EventType "swiss"]
[EventRounds "9"]
[EventCountry "RUS"]
[SourceTitle "CBM 147 Extra"]
[Source "ChessBase"]
[SourceDate "2012.04.24"]
[SourceVersion "1"]
[SourceVersionDate "2012.04.24"]
[SourceQuality "1"]

1. e4 c5 2. Nf3 e6 3. d4 cxd4 4. Nxd4 Nc6 5. Nc3 Qc7 6. g4 a6 7. Be3 Bb4 8. Nxc6 Bxc3+ 9. bxc3 dxc6 10. f4 c5 11. Bg2 b6 12. 0-0 Bb7 13. g5 Ne7 14. Qh5 g6 15. Qh6 0-0-0 16. Qg7 Qc6 17. Rf2 Qe8 18. Rb1 Rd6 19. Rd2 Rxd2 20. Bxd2 Rg8 21. Qf6 Nc6 22. Rxb6 Na5 23. Rd6 Nc4 24. Rd3 Nb2 25. Rf3 Qd7 26. Rf2 Nc4 27. Be1 Ne3 28. Rd2 Qc7 29. Bf3 Bxe4 30. Be2 Bb7 31. Kf2 Nf5 32. Qe5 Qc6 33. Bf1 Qf3+ 0-1

[Event "Privolzhskogo FO-ch"]
[Site "Togliatti"]
[Date "2011.03.11"]
[Round "2"]
[White "Afanasiev, Dmitry"]
[Black "Derbenev, Andrey"]
[Result "1-0"]
[WhiteElo "2006"]
[BlackElo "2373"]
[PlyCount "63"]
[EventDate "2011.03.10"]
[EventType "swiss"]
[EventRounds "9"]
[EventCountry "RUS"]
[SourceTitle "CBM 141 Extra"]
[Source "ChessBase"]
[SourceDate "2011.05.03"]
[SourceVersion "1"]
[SourceVersionDate "2011.05.03"]
[SourceQuality "1"]

1. d4 Nf6 2. c4 c5 3. d5 e6 4. Nc3 exd5 5. cxd5 d6 6. Nf3 g6 7. Bf4 a6 8. a4 Bg7 9. h3 0-0 10. e3 Nh5 11. Bh2 f5 12. Be2 f4 13. 0-0 Qe7 14. exf4 Nxf4 15. Re1 Bxc3 16. bxc3 Qf6 17. Qd2 g5 18. Bf1 h6 19. Rab1 Qg7 20. Re3 a5 21. Bb5 Na6 22. Rbe1 Nc7 23. Re7 Rf7 24. Rxc7 Rxc7 25. Re8+ Kf7 26. Bxf4 Qf6 27. Bg3 Re7 28. Rd8 Re1+ 29. Qxe1 Qxd8 30. Qe4 Kg7 31. Bd3 Qf8 32. Qg6+ 1-0

[Event "Nabereznye Chelny op 8th"]
[Site "Nabereznye Chelny"]
[Date "2010.01.25"]
[Round "7"]
[White "Afanasiev, Dmitry"]
[Black "Litvinov, Maxim"]
[Result "1-0"]
[WhiteElo "1995"]
[BlackElo "1729"]
[PlyCount "69"]
[EventDate "2010.01.19"]
[EventType "swiss"]
[EventRounds "9"]
[EventCountry "RUS"]
[SourceTitle "CBM 134 Extra"]
[Source "ChessBase"]
[SourceDate "2010.03.03"]
[SourceVersion "1"]
[SourceVersionDate "2010.03.03"]
[SourceQuality "1"]

1. d4 Nf6 2. Nf3 d5 3. c4 e6 4. e3 Be7 5. Bd3 0-0 6. 0-0 Nbd7 7. Nbd2 b6 8. Ne5 Nxe5 9. dxe5 Nd7 10. f4 Nc5 11. Bc2 dxc4 12. Nxc4 Qxd1 13. Rxd1 Ba6 14. b3 Rad8 15. Bb2 Rd5 16. Rxd5 exd5 17. Nd2 Bd3 18. Rc1 c6 19. Bd4 Bxc2 20. Rxc2 Rc8 21. Kf2 g6 22. g4 Ne6 23. f5 Nxd4 24. exd4 c5 25. Ke2 Kg7 26. f6+ Bxf6 27. exf6+ Kxf6 28. Nf3 h6 29. Kd3 Ke6 30. Ne5 h5 31. g5 b5 32. Re2 Rc7 33. dxc5 Rxc5 34. Kd4 Rc1 35. Nd3+ 1-0